Reduce, reclaim, reuse, recycle (Record no. 69502)

MARC details
000 -LEADER
fixed length control field 01148cam a2200217 4500
001 - CONTROL NUMBER
control field WB3806-06
008 - FIXED-LENGTH DATA ELEMENTS--GENERAL INFORMATION
fixed length control field 020212n2002 000 0 eng u
035 ## - SYSTEM CONTROL NUMBER
System control number (Sirsi) u116696
245 ## - TITLE STATEMENT
Title Reduce, reclaim, reuse, recycle
260 ## - PUBLICATION, DISTRIBUTION, ETC.
Date of publication, distribution, etc. 2002
490 ## - SERIES STATEMENT
Series statement RICS Press Release
Volume/sequential designation (027) 12 February 2002, (2)
520 ## - SUMMARY, ETC.
Summary, etc. RICS has published three sustainable construction guides aimed at reducing waste on construction projects. The leaflets promote a four 'R' strategy to reduce, reclaim, re-use and recycle construction materials are will be targeted at local authorities, property arms of large corporations and local builders' merchants. The guides are available at: http://www.rics.org/ricscms/bin/show?class=Feature&template=/includes/showfeature.html&id=106. RICS Press Release http://www.rics.org.uk/ricscms/bin/show?class=PressRelease&template=/includes/showpr.html&id=668
590 ## - LOCAL NOTE (RLIN)
Local note WB
650 ## - SUBJECT ADDED ENTRY--TOPICAL TERM
Topical term or geographic name entry element WASTE MINIMISATION
650 ## - SUBJECT ADDED ENTRY--TOPICAL TERM
Topical term or geographic name entry element CONSTRUCTION PROJECTS
650 ## - SUBJECT ADDED ENTRY--TOPICAL TERM
Topical term or geographic name entry element WASTE MANAGEMENT
650 ## - SUBJECT ADDED ENTRY--TOPICAL TERM
Topical term or geographic name entry element CONSTRUCTION WASTE
650 ## - SUBJECT ADDED ENTRY--TOPICAL TERM
Topical term or geographic name entry element SUSTAINABLE CONSTRUCTION
690 ## - LOCAL SUBJECT ADDED ENTRY--TOPICAL TERM (OCLC, RLIN)
Topical term or geographic name as entry element BUILDING AND CONSTRUCTION-SUSTAINABLE
942 ## - ADDED ENTRY ELEMENTS (KOHA)
Suppress in OPAC 0
Holdings
Withdrawn status Lost status Source of classification or shelving scheme Damaged status Not for loan Home library Current library Shelving location Date acquired Total Checkouts Full call number Barcode Date last seen Copy number Price effective from Koha item type
    Dewey Decimal Classification     London London News article 12/02/2002   WB3806-06 116696-1001 06/08/2019 1 06/08/2019 News article